Obesidad en la infancia y la adolescencia / (Registro nro. 2561)
[ vista simple ]
| 000 -LEADER | |
|---|---|
| campo de control de longitud fija | 00557nam a22001817a 4500 |
| 001 - NÚMERO DE CONTROL | |
| campo de control | 2561 |
| 003 - IDENTIFICADOR DE NÚMERO DE CONTROL | |
| campo de control | HMS |
| 005 - FECHA Y HORA DE LA ÚLTIMA TRANSACCIÓN | |
| campo de control | 20250710161336.0 |
| 008 - DATOS DE LONGITUD FIJA--INFORMACIÓN GENERAL | |
| campo de control de longitud fija | 250710n2001 cl d|||frt||| 00| 0 spa |
| 040 ## - FUENTE DE CATALOGACIÓN | |
| Centro catalogador/agencia de origen | hms |
| Lengua de catalogación | spa |
| Centro/agencia transcriptor | hms |
| 050 04 - SIGNATURA TOPOGRÁFICA DE LA BIBLIOTECA DEL CONGRESO | |
| Número de clasificación | WS330 |
| Número de ítem | D566 |
| 245 00 - MENCIÓN DEL TÍTULO | |
| Título | Obesidad en la infancia y la adolescencia / |
| Mención de responsabilidad, etc. | W. H. Dietz y C. Chen |
| Medio | [libro] |
| Número de parte o sección de la obra | Volumen 49 |
| 260 ## - PUBLICACIÓN, DISTRIBUCIÓN, ETC. | |
| Lugar de publicación, distribución, etc. | Shanghai: |
| Nombre del editor, distribuidor, etc. | Nestlé Nutrición, |
| Fecha de publicación, distribución, etc. | 2001 |
| 300 ## - DESCRIPCIÓN FÍSICA | |
| Extensión | 63 páginas |
| 500 ## - NOTA GENERAL | |
| Nota general | Nestlé Nutrition Workshop Series Pediatric Program Volumen 49 |
| 650 #7 - PUNTO DE ACCESO ADICIONAL DE MATERIA--TÉRMINO DE MATERIA | |
| Término de materia o nombre geográfico como elemento de entrada | Obesidad |
| 9 (RLIN) | 3638 |
| 942 ## - ELEMENTOS DE ENTRADA SECUNDARIOS (KOHA) | |
| Fuente del sistema de clasificación o colocación | Clasificación de Library of Congress |
| Tipo de ítem Koha | Colección Médica |
| Suprimir en OPAC | No |
| Estatus retirado | Estado de pérdida | Fuente del sistema de clasificación o colocación | Estado de daño | No para préstamo | Colección | Biblioteca de origen | Biblioteca actual | Ubicación en estantería | Fecha de adquisición | Fuente de adquisición | Número de inventario | Total de préstamos | Signatura topográfica completa | Código de barras | Visto por última vez | Copia número | Precio de reemplazo | Tipo de ítem Koha |
|---|---|---|---|---|---|---|---|---|---|---|---|---|---|---|---|---|---|---|
| Clasificación de Library of Congress | Colección Reserva | Biblioteca Hospital Militar de Santiago | Biblioteca Hospital Militar de Santiago | Full Space | 04/12/1989 | Donación | 000775 | WS330 D566 1ªed 2001 | 000775 | 10/07/2025 | c.1 | 10/07/2025 | Colección Médica |
